Music Quiz

Random Music or Album Quiz

Eminem Album Covers Quiz Stats

 Plays Quiz Updated Oct 17, 2018

Score 0/12 Timer 04:00
1 Play Today
% Correct
Kamikaze
89.9%
The Eminem Show
87%
Infinite
80.6%
Encore
80.3%
Recovery
80%
The Marshall Mathers LP 2
78.8%
Shady XV
77.6%
Relapse
75.5%
The Marshall Mathers LP
75.3%
Revival
72.1%
Eminem Presents: The Re-up
70.8%
The Slim Shady LP
68.5%

You're not logged in!

Compare scores with friends on all Sporcle quizzes.
OR
Log In

Show Comments

Extras

Top Quizzes Today


Score Distribution

Your Account Isn't Verified!

In order to create a playlist on Sporcle, you need to verify the email address you used during registration. Go to your Sporcle Settings to finish the process.

Report this User

Report this user for behavior that violates our Community Guidelines.

Details: